Miesto gyventojų skaičiaus kaitos tendencijos Lietuvoje

Titel: Miesto gyventojų skaičiaus kaitos tendencijos Lietuvoje
Verfasser:
In: Geografijos metraštis, Band 30 (1997), Seite 309-322, 6 graph. Darst., 1 Tab.
alle Artikel anzeigen
Veröffentlicht: 1997
Format: Aufsatz
Sprache: Litauisch
Kein Bild verfügbar
X
alg: 39294642
001A    $01999:11-11-16 
001B    $01999:27-04-21 $t20:52:38.000 
001C    $06050:19-11-16 $t09:31:05.000 
001D    $01999:11-11-16 
001U    $0utf8 
001X    $00 
002@    $0Aox 
003@    $0392946424 
007A    $0392946424 $aHEB 
007T    $0Herde10335 
010@    $alit 
011@    $a1997 
021A    $aMiesto gyventojų skaičiaus kaitos tendencijos Lietuvoje 
028A    $aKrupickaitė $dDovilė 
031A    $d30 $h309-322, 6 graph. Darst., 1 Tab. $j1997 
037A    $aengl. Res. The trends of changes of urban population in Lithuania 
039B    $aIn $8--Abvc--. Geografijos metraštis. - Vilnius : Akad., 1981-. - ISSN 0132-3156 $x199700000300000691 $9048472980 
045F    $a304.6094793 $eDDC23BSB 
045F/01 $a304.609 
045F/03 $g4793 
045T    $a14 

lok: 39294642 78

exp: 39294642 78 1 #EPN
201B/01 $019-04-17 $t11:42:50.000 
201U/01 $0utf8 
203@/01 $0789056704 
208@/01 $a11-11-16 $be 
209A/01 $a/ $f000 $x00 
220C/01 $aTitelaufnehmer: pk 
220C/01 $aHerkunft: LII Vilnius / Irena Tumelytė;Baltische Bibliographie / P. Kaegbein 
237A/01 $aweiterführende Signatur(en): HI: 45 II AZ 1 
244Z/01 $2Trx $#Litauen $#Lithuania $#Litwa $#Litva $#Litva $8--Trx--Lietuva $x01 $9391193457 
244Z/01 $2Trx $#linnarahvastik $#miesto gyventojai $#city dwellers $#város-lakosság $#ludność miejska $#obyvateľstvo mestské $#obyvatelstvo městské $8--Trx--Stadtbevölkerung $x02 $9391353233 
244Z/01 $2Trx $8--Trx--Zeitschriftenaufsatz $x03 $9391384341 
245Z/01 $a08.01 $x01 
247C/01 $82080>Marburg/Lahn, Herder-Institut, Forschungsbibliothek, Bibliographieportal $9336309341
LEADER 00000caa a22000002c 4500
001 392946424
003 DE-603
005 20210427205238.0
007 tu
008 161111s1997 xx |||| | u00||u|lit c
035 |a (DE-599)HEB392946424 
040 |a DE-603  |b ger  |c DE-603  |d DE-603 
041 |a lit 
082 0 4 |8 1\u  |a 304.6094793  |q DE-101  |2 23/BSB 
084 |a 14  |2 ssgn 
085 |8 1\u  |b 304.609 
085 |8 1\u  |z 2  |s 4793 
100 1 |a Krupickaitė, Dovilė 
245 0 0 |a Miesto gyventojų skaičiaus kaitos tendencijos Lietuvoje 
264 0 |c 1997 
500 |a engl. Res. The trends of changes of urban population in Lithuania 
773 0 8 |i In  |t Geografijos metraštis  |d Vilnius : Akad., 1981-  |x 0132-3156  |g Band 30 (1997), Seite 309-322, 6 graph. Darst., 1 Tab.  |w (DE-603)048472980  |w (DE-600)990309-4 
924 0 |9 2080  |a (DE-603)789056704  |b DE-2080  |c HES  |d d  |g /